[Event "1st Irena Warakomska Memorial"]
[Site "Suwalki"]
[Date "2017.08.14"]
[Round "5"]
[White "Goluch, Piotr"]
[Black "Zawadzka, Jolanta"]
[Result "0-1"]
[WhiteElo "2360"]
[BlackElo "2420"]
[Annotator "TA"]
[PlyCount "84"]
[EventDate "2017.??.??"]
[EventType "swiss"]
[EventCountry "POL"]
[SourceTitle "playchess.com"]
[Source "ChessBase"]
[SourceQuality "1"]

{[%evp 18,84,16,18,61,55,45,28,30,11,25,12,15,0,17,20,33,0,12,0,0,0,0,0,33,31,67,63,67,-42,-17,-38,0,0,0,0,0,0,0,0,0,0,0,-57,-29,-294,-272,-275,-258,-558,-579,-532,-462,-476,-465,-468,-468,-447,-407,-469,-456,-443,-435,-452,-452,-431,-403,-403,-399]} 1. d4 d5 2. c4 e6 3. Nf3 c6 4. e3 Nf6 5. b3 Nbd7 6. Bb2 Bd6 7. Nbd2 b6 {D30: Queen's Gambit Declined: Systems without Nc3} 8. Bd3 Bb7 9. O-O O-O 10. Ne5 {LiveBook: 176 Games} (10. Qe2 c5 11. Rad1 Ne4 12. cxd5 exd5 13. Ba6 Bxa6 14. Qxa6 Re8 15. dxc5 Ndxc5 16. Qe2 Rc8 17. Rc1 Bf8 18. Rfd1 Qe7 {½-½ (45) Radjabov,T (2710)-Ding,L (2773) Moscow 2017}) 10... Ne8 11. f4 (11. cxd5 {with more complications.} cxd5 12. Rc1 Rc8 13. Rxc8 Qxc8 14. Qe2) 11... g6 $146 ({Predecessor:} 11... f5 12. Ndf3 Nef6 13. Bc3 Ne4 14. Bxe4 fxe4 {1-0 (54) Becker,M (2080)-Rosenberger,F (2295) Duesseldorf 1995}) 12. Qf3 f5 13. Qh3 Nxe5 14. dxe5 Bc5 15. Rad1 a5 16. cxd5 cxd5 17. a4 Rc8 18. Rfe1 Nc7 19. Kh1 Qe7 20. Nf3 Ba6 21. Bb1 b5 22. g4 bxa4 23. gxf5 (23. bxa4 $14 Qd7 24. gxf5 exf5 {[#]} 25. e4 $1 {[%mdl 512]}) 23... exf5 $15 24. bxa4 Rb8 25. Bd4 Ne6 26. Bxc5 Qxc5 27. Nd4 Nxd4 28. exd4 Qc6 29. Rc1 Bc4 $36 {[%mdl 2048] Black has good play.} 30. Ba2 (30. Rg1 $11) 30... Rb2 31. Bxc4 $4 {[%mdl 8192]} (31. Bb3 $1 $11 {and White stays safe.}) 31... dxc4+ $19 {[%cal Bd5c4,Bc4c3,Bc3d2][%mdl 32]} 32. Kg1 Qd5 33. Rcd1 $2 {[#]} (33. e6 {was forced.}) 33... c3 $1 {[%mdl 512]} 34. e6 (34. Qxc3 Qg2#) 34... Rd2 35. Rxd2 cxd2 {[%mdl 4096] Endgame KQR-KQR} 36. Rd1 Qxd4+ 37. Kg2 Qxf4 38. Qb3 {Threatens to win with e7+.} Re8 39. e7+ Kg7 40. Qc3+ Kf7 {Hoping for ...Qg4+.} 41. Rxd2 Qe4+ 42. Kg1 Rxe7 {Precision: White = 41%, Black = 62%.} 0-1

[Event "1st Irena Warakomska Memorial"]
[Site "Suwalki"]
[Date "2017.08.14"]
[Round "5"]
[White "Plichta, Kamil"]
[Black "Kaczmarek, Aleksander"]
[Result "1-0"]
[WhiteElo "2341"]
[BlackElo "2368"]
[Annotator "ChessBase"]
[PlyCount "107"]
[EventDate "2017.??.??"]
[EventType "swiss"]
[EventCountry "POL"]
[SourceTitle "playchess.com"]
[Source "ChessBase"]
[SourceQuality "1"]
[TimeControl "40/5400+30:1800+30"]

1. e4 c6 2. d4 d5 3. e5 g6 4. c4 Bg7 5. Nc3 e6 6. Nf3 Ne7 7. Be2 Nd7 8. O-O O-O 9. Bf4 dxc4 10. Bxc4 Nb6 11. Bb3 Nbd5 12. Bg5 h6 13. Bd2 Nxc3 14. bxc3 b6 15. h4 Nf5 16. h5 gxh5 17. Bc2 Bb7 18. Be4 f6 19. exf6 Qxf6 20. Qe2 Qf7 21. Bf4 Kh7 22. g3 Rac8 23. Kg2 c5 24. Rae1 cxd4 25. cxd4 Rce8 26. Rh1 Rg8 27. a4 Bxe4 28. Qxe4 Bf6 29. d5 Qg6 30. dxe6 h4 31. Rhg1 hxg3 32. fxg3 Rc8 33. Kf2 Rgf8 34. Rd1 Be7 35. Rd7 Kg8 36. Re1 Bc5+ 37. Kg2 Be7 38. Re2 Rc3 39. Rxa7 Bc5 40. Rd7 Re3 41. Bxe3 Qxg3+ 42. Kf1 Bxe3 43. Rg2 Bg5 44. Kg1 Be3+ 45. Kh1 Bg5 46. Kg1 Be3+ 47. Kh1 Bg5 48. Qg4 Qxg4 49. Rxg4 Ne3 50. Rg3 Nf1 51. Rh3 Bf4 52. Rh4 Bg3 53. Rg4+ Kh8 54. e7 1-0

[Event "1st Irena Warakomska Memorial"]
[Site "Suwalki"]
[Date "2017.08.14"]
[Round "5"]
[White "Zakrzewski, Marek"]
[Black "Zylka, Stanislaw"]
[Result "0-1"]
[WhiteElo "2237"]
[BlackElo "2368"]
[Annotator "NA"]
[PlyCount "96"]
[EventDate "2017.??.??"]
[EventType "swiss"]
[EventCountry "POL"]
[SourceTitle "playchess.com"]
[Source "ChessBase"]
[SourceQuality "1"]
[TimeControl "40/5400+30:1800+30"]

1. e4 e5 2. Nf3 Nc6 3. d4 exd4 4. Nxd4 Nf6 5. Nxc6 bxc6 6. e5 Qe7 7. Qe2 Nd5 8. c4 Ba6 9. b3 g6 10. f4 {C45: Scotch Game} (10. g3 Bg7 11. Bb2 O-O 12. Bg2 Rfe8 13. O-O Bxe5 14. Qxe5 Qxe5 15. Bxe5 Rxe5 16. cxd5 Bxf1 17. Kxf1 cxd5 18. Na3 c6 19. Nc2 a5 20. Rd1 Kf8 {½-½ (82) Nepomniachtchi,I (2732)-Ding,L (2783) Khanty-Mansiysk 2017}) 10... g5 11. fxg5 Bg7 12. Bb2 Qxg5 13. Nd2 O-O-O $146 ({Predecessor:} 13... c5 14. Ne4 Qh4+ 15. g3 Qe7 16. Bg2 O-O-O 17. O-O Nb6 {1-0 (30) Kocks,F (2097)-Grehling,M (2190) GER email 2012}) 14. Nf3 Qg6 15. Qd3 Qxd3 16. Bxd3 Nf4 17. O-O-O Nxd3+ 18. Rxd3 Rhg8 19. g3 c5 20. Re1 Bb7 21. Ba3 d6 22. Bb2 Rge8 23. Bc3 d5 24. cxd5 Bxd5 25. Ng5 c4 26. bxc4 Bxc4 27. Rxd8+ Rxd8 28. a3 Bh6 29. h4 Rd3 30. Bd2 Rxa3 31. Re3 Ra1+ 32. Kb2 Ra2+ 33. Kc3 Bxg5 34. hxg5 Be6 35. Bc1 Rg2 36. Kb4 {[#]} (36. Rf3 $17 {keeps fighting.}) 36... c5+ $1 37. Kb5 $2 (37. Kc3) 37... Rc2 38. Ba3 Kb7 39. Ka5 Rc4 40. Rd3 $2 (40. Rf3) 40... Kc7 $2 41. Bb2 $1 Rc2 42. Ba3 Rc4 (42... Kc6 $19 43. Rd6+ Kb7) 43. Bb2 Bd7 $142 44. Ra3 Rb4 45. Bc3 Rb6 46. Ra2 Rb3 47. Ba1 Kb7 48. Rb2 Rb6 0-1

[Event "1st Irena Warakomska Memorial"]
[Site "Suwalki"]
[Date "2017.08.14"]
[Round "5"]
[White "Walter, Szymon"]
[Black "Gleizerov, Evgeny"]
[Result "0-1"]
[WhiteElo "2194"]
[BlackElo "2519"]
[Annotator "TA"]
[PlyCount "86"]
[EventDate "2017.??.??"]
[EventType "swiss"]
[EventCountry "POL"]
[SourceTitle "playchess.com"]
[Source "ChessBase"]
[SourceQuality "1"]

{[%evp 24,86,-11,0,11,0,20,0,62,0,36,43,72,67,83,38,35,12,68,-11,0,0,-4,-135,0,0,82,69,108,16,13,23,26,0,0,0,0,0,41,-17,-23,-26,0,-235,-244,-439,-422,-1743,-1694,-1604,-1562,-1350,-920,-614,-712,-1857,-2731,-2380,-1794,-2404,-2822,-29983,-29984,-29983,-29985]} 1. e4 e6 2. d4 d5 3. Nc3 Nf6 4. Bg5 Be7 5. e5 Nfd7 6. Bxe7 Qxe7 7. f4 O-O 8. Qd2 c5 9. dxc5 Nc6 10. O-O-O Nxc5 11. Nf3 a6 12. Bd3 b5 {[%cal Bb7b5,Bb5b4][%mdl 32]} 13. Kb1 {LiveBook: 12 Games. C14: French: Classical System: 4 Bg5 Be7 main line} (13. Ne2 Nb4 14. Kb1 Ncxd3 15. cxd3 d4 16. Nexd4 Bb7 17. f5 exf5 18. a3 Bxf3 19. gxf3 Nd5 20. f4 Qd7 {0-1 (32) Maze,S (2619)-Danin,A (2543) Minsk 2017}) 13... Bb7 (13... b4 $5 {[%cal Rb4c3]} 14. Ne2 Bb7 $11) 14. Rhe1 (14. f5 $5 {[%cal Rf5f6]}) 14... Rfd8 $146 (14... b4 $5 {[%cal Rb4c3]} 15. Ne2 a5 $11) ({Predecessor:} 14... b4 15. Ne2 a5 16. f5 a4 17. Ned4 Nxd4 18. Nxd4 Ne4 19. Bxe4 dxe4 20. fxe6 {1-0 (43) Vlaovic,G (2313)-Magyar,P (1621) Winnipeg 2002}) 15. Qf2 {The position is equal.} Nxd3 ({Better is} 15... g6 $11) 16. cxd3 (16. Rxd3 $14 Rac8 17. Ne2) 16... b4 17. Na4 d4 18. Rc1 Na7 19. Nd2 Nb5 20. Nb3 (20. Nb6 $5 {[%cal Rb6a8]}) 20... Bd5 (20... Rab8 $11) 21. Rc5 (21. Nb6 $14) 21... Rab8 {And now ...Nc3+! would win.} 22. Ka1 $1 h6 23. Qd2 {[#]} (23. Rcc1 $11) 23... Qh4 (23... Nc3 $1 $17 {[%cal Rc3a4][%mdl 512]} 24. Ra5 (24. bxc3 bxc3 25. Nxc3 Rxb3 $17) (24. Nxc3 bxc3) 24... Rdc8) 24. g3 $11 Qh3 (24... Qe7 $11 {remains equal.}) 25. Na5 $16 Rdc8 26. Rec1 (26. Rxc8+ $16 Rxc8 27. Nb6) 26... Rxc5 $11 27. Nxc5 Rc8 28. Nxa6 (28. Nab3 $5 {[%cal Rc5a6]}) 28... Rxc1+ 29. Qxc1 Qxh2 30. Nxb4 Qxg3 31. a4 (31. Nxd5 $14 exd5 32. a4 Qxd3 33. axb5 Qxb5 34. Qc8+ Kh7 35. Qc2+ d3 36. Qd2) 31... Nc7 $1 32. b3 $1 {Black must now prevent Ka2.} h5 {[%cal Bh6h5,Bh5h4,Bh4h3][%mdl 32]} 33. Qxc7 $2 (33. Kb2 $11 {and White has nothing to worry.} h4 34. Qxc7) 33... Qe1+ $19 34. Kb2 $2 (34. Ka2 {was the only defense.} Qxb4 35. Nc4) 34... Qxb4 35. Nc4 (35. f5 $142 Qd2+ 36. Ka3) 35... Bxc4 36. Qxc4 {[%mdl 4096] Endgame [#] KQ-KQ} Qc3+ $1 {[%mdl 512]} 37. Ka3 (37. Qxc3 dxc3+) 37... h4 38. Qa6 Qc1+ 39. Ka2 h3 40. Qa8+ Kh7 41. Qe4+ g6 42. Qf3 Qc2+ 43. Ka3 Qg2 {Precision: White = 23%, Black = 46%.} 0-1

[Event "1st Irena Warakomska Memorial"]
[Site "Suwalki"]
[Date "2017.08.14"]
[Round "5"]
[White "Zielinski, Wojciech"]
[Black "Cukrowski, Filip"]
[Result "1-0"]
[WhiteElo "2105"]
[BlackElo "2413"]
[Annotator "TA"]
[PlyCount "84"]
[EventDate "2017.??.??"]
[EventType "swiss"]
[EventCountry "POL"]
[SourceTitle "playchess.com"]
[Source "ChessBase"]
[SourceQuality "1"]

{[%evp 16,84,0,0,27,25,32,0,60,34,42,38,76,77,69,64,62,62,71,45,54,30,43,48,45,38,53,64,51,31,65,50,59,0,0,0,0,0,3,0,5,0,0,0,0,0,0,0,0,0,0,0,0,0,0,0,0,0,0,0,0,0,0,0,0,0,0,0,0,0,0]} 1. Nf3 Nf6 2. b3 g6 3. Bb2 Bg7 4. e3 O-O 5. Be2 c5 6. O-O d5 7. d4 Ne4 8. Qc1 {D04: Colle System} (8. Na3 Nc6 9. Qe1 cxd4 10. exd4 Bf5 11. Rd1 Rc8 12. c4 Nf6 13. Ne5 Qe8 14. Bf3 Be6 15. Qe2 Qd8 {0-1 (41) Pavlovic,M (2452)-Roganovic,M (2524) Belgrade 2014}) 8... cxd4 9. Bxd4 {LiveBook: 3 Games} Nc6 $146 ({Predecessor:} 9... Bxd4 10. Nxd4 Nc6 11. Nxc6 bxc6 12. c4 Be6 13. Nc3 Nxc3 14. Qxc3 Qb6 15. Rfd1 dxc4 16. Bxc4 Bxc4 17. Qxc4 Rfd8 18. h4 h5 19. Rac1 a5 20. g3 Rxd1+ {½-½ (20) Goric,E (2346)-Vucic,M (2336) Jahorina 2012}) 10. Bxg7 {White has an edge.} Kxg7 11. Qb2+ Nf6 (11... f6 $11) 12. Rd1 Qa5 13. Nbd2 Bf5 14. c4 dxc4 15. Nxc4 Qc7 16. Rac1 Rad8 17. Rxd8 Rxd8 18. Nce5 {Threatens to win with g4.} Be4 $1 19. Nxc6 Bxc6 20. Ne5 Qd6 21. Nxc6 bxc6 22. g3 c5 23. Qc3 Qd2 24. Qxd2 (24. Bf3 $14) 24... Rxd2 $14 {[%mdl 4096] Endgame KRB-KRN. The position is equal.} 25. Kf1 Rxa2 26. Rxc5 Ne8 27. Bf3 Kf6 28. Rc6+ (28. Bc6 $5 {[%cal Rc6e8]} Ng7 29. Ba4 $11) 28... Nd6 29. b4 Rb2 30. Ra6 Rxb4 31. Rxa7 Rb6 32. h4 h6 33. Ra2 Ke6 34. Rc2 f5 35. Kg2 Kf6 36. Rc6 Rb2 37. Ra6 (37. e4 $5) 37... g5 38. hxg5+ hxg5 39. Ba8 g4 40. e4 Kg5 41. exf5 Kxf5 42. Bc6 Rb4 {[%mdl 32768] Precision: White = 61%, Black = 66%. . Loss on Time!?} 1-0

[Event "1st Irena Warakomska Memorial"]
[Site "Suwalki"]
[Date "2017.08.15"]
[Round "6"]
[White "Bartel, Mateusz"]
[Black "Vetoshko, Volodymyr"]
[Result "1/2-1/2"]
[WhiteElo "2608"]
[BlackElo "2517"]
[Annotator "TA"]
[PlyCount "117"]
[EventDate "2017.??.??"]
[EventType "swiss"]
[EventCountry "POL"]
[SourceTitle "playchess.com"]
[Source "ChessBase"]
[SourceQuality "1"]

{[%evp 15,117,0,10,0,-17,-6,0,0,29,0,0,0,0,0,0,0,0,0,0,-1,0,0,0,0,0,0,0,0,9,0,9,9,9,10,10,11,13,10,29,0,0,0,0,0,0,0,0,0,0,0,54,54,62,62,62,62,77,62,62,62,62,62,62,49,62,62,62,62,62,14,14,14,14,14,14,14,14,16,62,0,0,0,0,0,0,0,234,234,234,234,234,234,234,0,154,154,161,161,168,168,168,235,254,169]} 1. c4 e6 2. Nf3 d5 3. e3 Nf6 4. b3 c5 5. Bb2 Nc6 6. cxd5 exd5 7. Bb5 Bd6 8. Nc3 {A13: English Opening: 1...e6} (8. O-O O-O 9. d4 cxd4 10. Nxd4 Qb6 11. Bxc6 bxc6 12. Nc3 c5 13. Nf3 Bb7 14. Rc1 Rac8 15. Ne2 Ne4 16. Ng3 Nxg3 17. hxg3 Rfd8 18. Qd2 Be7 19. Rc2 h5 20. Rfc1 Rc7 21. Bc3 d4 22. exd4 cxd4 23. Ba5 {1-0 (23) So,W (2812)-Anand,V (2786) Leuven 2017}) 8... O-O {LiveBook: 4 Games} 9. d4 cxd4 $146 ({Predecessor:} 9... Bg4 10. dxc5 Bxc5 11. O-O a6 12. Bxc6 bxc6 13. Rc1 Qd6 14. Ne2 Bxf3 15. gxf3 Nd7 16. Ng3 g6 17. Qc2 Rfc8 18. Qc3 f6 19. Rfd1 Qe6 20. f4 a5 {1-0 (30) Lie,K (2525)-Holm,K (2398) Kragero 2017}) 10. Nxd4 {The position is equal.} Bg4 11. Be2 Bxe2 12. Ndxe2 (12. Ncxe2 {is more complex.} Bb4+ 13. Bc3 Qa5 14. Bxb4 Qxb4+ 15. Qd2) 12... Re8 13. h3 Be5 {Threatens to win with ...d4.} 14. O-O d4 15. exd4 Nxd4 16. Nxd4 Qxd4 17. Na4 Qxd1 18. Rfxd1 Bxb2 (18... b5 $5 {[%cal Rb5a4]} 19. Re1 Bxb2 20. Nxb2 Rxe1+ 21. Rxe1 Rd8 $11) 19. Nxb2 Rad8 20. Nc4 b6 21. Nd6 Re5 (21... Re7 {is interesting.} 22. Rd4 Kf8 23. Rad1 g6 24. Kf1 Red7) 22. Rac1 (22. Nb5 $5 {[%cal Rd1d8]} Ra8 23. a4 $11) 22... Rd5 23. Rxd5 Nxd5 $11 {[%mdl 4096] Endgame KRN-KRN} 24. Nc8 a5 25. a3 g6 26. Rc6 Nf4 27. a4 Ne2+ 28. Kh2 Nd4 29. Rc3 b5 30. Na7 bxa4 31. bxa4 Rd7 32. Rd3 Rxa7 (32... Rd8 $11) 33. Rxd4 {KR-KR} h5 34. Rd5 Kg7 35. Kg3 Kf6 36. Kf4 Rb7 37. Rxa5 Rb4+ 38. Kg3 $1 Rb3+ 39. f3 Rb4 40. h4 Rc4 41. Ra7 Rb4 42. a5 Ra4 43. a6 Ra2 44. Kh3 Ra3 $1 45. Ra8 Kf5 $1 46. Kg3 Ra2 47. a7 (47. Kh2 $1 $14) 47... Ra1 48. Kf2 Ra2+ $1 49. Ke3 {[#] And now g3 would win.} Ra3+ $1 50. Kd4 {aiming for g3.} Kf6 $2 (50... Kf4 $1 $11) 51. Kd5 Kg7 52. Ke5 Ra5+ 53. Kd6 Ra1 54. g4 $2 ({White should try} 54. Ke7 $18) 54... hxg4 $2 (54... g5 $1 $11) 55. fxg4 $16 {[#] Hoping for g5.} Rd1+ 56. Ke5 Re1+ 57. Kf4 Rf1+ 58. Kg3 (58. Ke3 $142 Ra1 59. g5) 58... Ra1 $18 59. h5 {Precision: White = 61%, Black = 72%.} 1/2-1/2

[Event "1st Irena Warakomska Memorial"]
[Site "Suwalki"]
[Date "2017.08.15"]
[Round "6"]
[White "Tomczak, Jacek"]
[Black "Kashlinskaya, Alina"]
[Result "0-1"]
[WhiteElo "2598"]
[BlackElo "2440"]
[Annotator "TA"]
[PlyCount "106"]
[EventDate "2017.??.??"]
[EventType "swiss"]
[EventCountry "POL"]
[SourceTitle "playchess.com"]
[Source "ChessBase"]
[SourceQuality "1"]

{[%evp 18,106,13,16,7,3,32,32,27,30,25,25,37,0,0,0,-10,-11,0,0,60,-114,-112,-119,-112,-348,-72,-20,-8,-8,-36,-254,-259,-257,-252,-235,-90,-83,-33,-262,-264,-235,-218,-282,-299,-291,-289,-291,-303,-285,-273,-263,-207,-322,-329,-440,-435,-410,-376,-402,-390,-506,-516,-518,-510,-512,-500,-551,-545,-495,-533,-655,-654,-653,-650,-643,-607,-613,-613,-12835,-12835,-12836,-12836,-12836,-12837,-12837,-12838,-12838,-12839,-1300,-1246]} 1. e4 e5 2. Nf3 Nf6 3. Nxe5 d6 4. Nf3 Nxe4 5. Bd3 Nf6 6. O-O Be7 7. h3 O-O 8. c3 {C42: Petroff Defence: 3 Nxe5 and unusual White 3rd moves} d5 (8... b6 9. Bc2 Bb7 10. d4 Nbd7 11. Nbd2 Re8 12. Nc4 Bf8 13. Bg5 h6 14. Bh4 g6 15. Ne3 Bg7 {½-½ (30) Navara,D (2712)-Gelfand,B (2739) Wijk aan Zee 2012}) 9. Bc2 Nbd7 10. d4 {LiveBook: 3 Games. The position is equal.} Bd6 11. Nh4 $146 ({Predecessor:} 11. Bg5 h6 12. Bh4 Re8 13. Nbd2 c6 14. Re1 Rxe1+ 15. Qxe1 Qc7 {1-0 (35) Tristan,L (2317)-Zuriel,M (2197) Necochea 2007}) 11... Ne4 12. Nf5 Ndf6 13. Nxd6 Qxd6 14. Qf3 Re8 15. Qf4 Bd7 16. Na3 Qb6 17. Rb1 Re7 18. Qh4 {And now f3 would win.} Rae8 ({Black should play} 18... Bf5 $11) 19. g4 $2 (19. f3 $14 {stays ahead.}) 19... h6 $1 $17 {White must now prevent ...g5.} 20. f3 {[#]} Ng5 $1 {[%cal Be4g5,Bg5e6,Be6f4][%mdl 544]} 21. Bd3 $2 {[#]} (21. Qg3 $17) (21. Bxg5 hxg5) 21... Qd6 $2 (21... Re3 $1 $19 {[%mdl 512]} 22. Bxe3 Rxe3) 22. Kg2 Re3 23. Bxe3 Rxe3 $40 {[%mdl 128] Black is up to no good.} 24. Rbd1 $2 {[#]} (24. Bc2 $1 $15) 24... Ne6 $1 $19 {[%cal Re6f4]} 25. Kh1 {[#]} Nf4 $1 {[%cal Rf4d3]} 26. Bc4 Nh7 ({Weaker is} 26... dxc4 27. Nxc4 Qe7 28. Nxe3 $14) (26... Re6 $19 {and Black stays clearly on top.} 27. Bb3 Re2) 27. Qf2 $17 Re7 28. Qg3 $2 (28. Bb5 $1 $15) 28... dxc4 $19 29. Nxc4 Qf6 {...Bb5 is the strong threat.} 30. Rfe1 Rxe1+ 31. Rxe1 Ng5 32. Ne5 Be6 33. h4 Ngh3 34. c4 c6 35. Re4 (35. h5 $142) 35... g5 {[%cal Bg7g5,Bg5h4][%mdl 32]} 36. Qe1 gxh4 37. Qe3 Ng6 38. Nxg6 Qxg6 39. d5 cxd5 {Black is clearly winning.} 40. cxd5 Bxd5 41. Re8+ Kh7 42. Qc3 {[%csl Gc3][%cal Re8h8]} Qb1+ 43. Re1 Qxa2 44. Qd3+ Kg7 45. Qd4+ f6 46. Re7+ Bf7 47. f4 {White hopes to continue with Kh2.} Qb3 48. Rxf7+ Kxf7 49. Qd7+ Kg8 50. Qe8+ Kg7 {( -> ...Qf3+)} 51. Qe7+ Qf7 52. Qe3 Qd5+ 53. Kh2 {[#]} Nxf4 $1 {Precision: White = 46%, Black = 61%.} 0-1

[Event "1st Irena Warakomska Memorial"]
[Site "Suwalki"]
[Date "2017.08.15"]
[Round "6"]
[White "Sadzikowski, Daniel"]
[Black "Plichta, Kamil"]
[Result "1-0"]
[WhiteElo "2594"]
[BlackElo "2341"]
[Annotator "TA"]
[PlyCount "127"]
[EventDate "2017.??.??"]
[EventType "swiss"]
[EventCountry "POL"]
[SourceTitle "playchess.com"]
[Source "ChessBase"]
[SourceQuality "1"]

{[%evp 41,126,34,52,28,31,36,93,92,99,97,98,87,89,91,82,89,92,83,81,94,75,88,89,0,46,42,166,124,112,89,132,89,88,89,89,89,89,85,247,241,350,346,335,293,308,308,296,304,260,82,368,351,469,464,426,407,518,200,200,200,200,200,200,200,200,200,200,200,200,200,200,200,29977,29978,29978,29979,29979,29980,29979,29980,29975,675,29981,29981,29991,29992,29999]} 1. e4 c5 2. Nf3 g6 3. c4 Nc6 4. d4 cxd4 5. Nxd4 Nf6 6. Nc3 d6 7. f3 Nxd4 8. Qxd4 Bg7 9. Be3 O-O 10. Qd2 Be6 11. Rc1 Qa5 12. b3 Rfc8 13. Be2 a6 14. Na4 Qxd2+ 15. Kxd2 Nd7 16. g4 f5 17. exf5 {B36: Sicilian: Maroczy Bind: Gurgenidze System} gxf5 18. h3 Rf8 19. f4 Rad8 20. g5 d5 21. cxd5 Bxd5 {LiveBook: 7 Games} 22. Rhd1 $1 e5 23. Ke1 {[#]} Bf7 $146 ({Black should try} 23... Be6 $14) ({Predecessor:} 23... Bc6 24. Nc5 Nxc5 25. Bxc5 Rxd1+ 26. Rxd1 Re8 27. Bc4+ Kh8 28. Bf7 Rc8 29. Be6 Re8 30. Bf7 Rc8 31. Be6 Re8 {½-½ (32) Piorun,K (2555)-Brkic,A (2580) Warsaw 2013}) 24. Rc7 $16 b5 25. Rcxd7 Rxd7 26. Rxd7 bxa4 27. bxa4 exf4 28. Bxf4 a5 29. h4 Bxa2 30. h5 Rf7 31. Rd8+ Rf8 32. Rd7 Rf7 $1 {[%cal Rf7d7]} 33. Rd6 Bc3+ ({Black should play} 33... Re7 $14) 34. Kf2 Bb4 35. Rc6 Rf8 36. Bc4+ Bxc4 37. Rxc4 {[%mdl 4096] Endgame KRB-KRB} Re8 38. Kf3 Kf7 39. Bc1 Bd6 $2 (39... Re1 $16 {keeps fighting.}) 40. Rc6 $1 $18 {[%cal Rc6d6]} Re6 (40... Bb4 {might work better.} 41. Kf4 Re1) 41. Bb2 $1 Bf8 42. Rc7+ Kg8 43. Rc8 Kf7 44. Kf4 Re2 {White must now prevent ...Rf2+.} 45. Bf6 $1 {Threatens to win with Ra8.} Rh2 $2 {[%mdl 8192]} (45... Rf2+ $16 {is a better defense.} 46. Ke5 Re2+ 47. Kxf5 Rf2+ 48. Ke4 Re2+ 49. Kf3 Rh2) 46. Kxf5 Rxh5 {intending ...Rh4.} 47. Rc7+ Kg8 48. Ra7 h6 49. Kg6 $2 (49. Rxa5 hxg5 50. Ke6) 49... Rh4 50. Rxa5 hxg5 51. Bxg5 Rc4 52. Ra7 Rc6+ {[#]} 53. Bf6 $1 Bc5 54. Ra8+ Bf8 55. a5 {[%cal Ba4a5,Ba5a6][%mdl 32] Hoping for a6.} Rc8 {[#]} 56. Ra7 $1 {[%cal Ra7h7] White wants to mate with Rh7.} Rc2 $2 (56... Rc6 $18 57. a6 Bc5 58. Ra8+ Bf8) 57. a6 Rg2+ 58. Bg5 Ra2 59. Ra8 Rc2 60. Be7 {[%csl Ge7][%cal Ra8f8]} Rc6+ 61. Bf6 (61. Kg5 $142 Rxa6 62. Rxa6 Bxe7+ 63. Kg6 Kf8 64. Ra8+ Bd8 65. Rxd8+ Ke7 66. Rd5) 61... Rc8 62. Ra7 {White mates.} Ra8 63. Rh7 {[%csl Gf6][%cal Rh7h8]} Rxa6 64. Rh8# {Precision: White = 77%, Black = 43%.} 1-0

[Event "1st Irena Warakomska Memorial"]
[Site "Suwalki"]
[Date "2017.08.15"]
[Round "6"]
[White "Sandipan, Chanda"]
[Black "Leniart, Arkadiusz"]
[Result "1/2-1/2"]
[WhiteElo "2568"]
[BlackElo "2480"]
[Annotator "TA"]
[PlyCount "143"]
[EventDate "2017.??.??"]
[EventType "swiss"]
[EventCountry "POL"]
[SourceTitle "playchess.com"]
[Source "ChessBase"]
[SourceQuality "1"]

{[%evp 17,143,-10,-10,-54,-25,-43,-34,-28,13,12,41,8,55,-26,-8,-16,-8,-18,-22,-13,10,4,6,10,37,40,78,25,89,89,89,83,92,79,87,73,80,80,81,73,76,87,85,88,81,73,89,89,97,97,97,97,120,114,101,98,118,47,47,47,47,44,30,0,30,22,53,54,412,408,404,391,384,378,1144,988,945,57,53,12,14,12,12,12,12,13,26,26,26,26,26,27,28,33,35,18,19,19,69,0,24,0,0,0,0,0,0,0,0,0,0,0,0,0,0,0,0,0,0,0,0,0,0,0,0,0,0,0]} 1. g3 Nf6 2. Bg2 d5 {[%cal Bd7d5,Bd5d4][%mdl 32]} 3. d3 g6 4. f4 Bg7 5. Nf3 c5 6. O-O O-O 7. Nc3 d4 8. Na4 Na6 {A03: Bird's Opening with 1...d5} (8... Qc7 9. c3 dxc3 10. Nxc3 Nc6 11. Kh1 b6 12. e4 Ba6 13. e5 Ne8 14. a4 Qd7 15. Nb5 Nc7 16. Qb3 {1-0 (31) Chigaev,M (2497)-Van Wely,L (2665) Jurmala 2015}) 9. c4 Rb8 {LiveBook: 3 Games} 10. h3 Bd7 {Black is slightly better.} 11. Ne5 Be8 $146 ({Predecessor:} 11... Be6 12. e3 Qd6 13. exd4 cxd4 14. b3 Nd7 15. Nf3 b5 16. Nb2 bxc4 17. Nxc4 Bxc4 18. bxc4 {0-1 (47) Noire,E (2405)-Grennefors,T (2291) LSS email 2008}) 12. e4 Nd7 13. Nf3 Nb4 14. b3 a6 15. f5 (15. e5 $14) 15... b5 16. Nb2 $1 Ne5 17. Nxe5 (17. Bf4 {looks sharper.} Qd6 18. cxb5 axb5 19. a3 Nbc6 20. a4) 17... Bxe5 18. Bh6 Bg7 19. Bf4 $36 {[%mdl 2048] White has the initiative.} Rc8 20. g4 e5 21. Bd2 bxc4 22. bxc4 ({White should play} 22. Nxc4 $16 Bb5 23. Qf3) 22... g5 (22... Rb8 $11 {remains equal.}) 23. a3 $16 Nc6 24. Na4 Nb8 25. Rb1 Nd7 26. Rb7 f6 27. Qe1 {aiming for Ba5.} Rc6 28. Ba5 Qa8 29. Qb1 Rf7 30. Rf2 Bf8 31. Rfb2 Rc8 32. Bf3 Be7 33. Bd1 Bd6 34. Qa2 Bb8 35. Rxd7 Bxd7 (35... Rxd7 $2 {is the wrong capture.} 36. Nb6 $18) 36. Nb6 Qb7 37. Qb1 ({White should try} 37. Nxc8 $16 Qxc8 38. Qb3) 37... Bd6 $14 38. Nxc8 Qxc8 39. Bb6 (39. h4 $5) 39... Be8 40. Ba5 Bc6 41. Bc2 Kf8 42. Rb6 Ra7 $2 {[%mdl 8192] [#]} (42... Rd7 $14) 43. Ba4 $1 $18 {[%mdl 512]} Bxa4 44. Rxd6 Kg7 45. Rxf6 Bc2 $2 (45... Kxf6 46. Qb6+ Bc6) 46. Qb6 Rb7 47. Qxa6 $2 (47. Qd6 $18 {Threatening mate with Bd8.} Qb8 {[#]} 48. Bc7 $1 {[%mdl 512]} Rxc7 49. Qxe5) 47... Bxd3 48. Qd6 {White threatens Bd8 and mate.} Qb8 $1 {( -> ...Rb1+)} 49. Qxb8 Rxb8 50. Rb6 Rxb6 51. Bxb6 Bxc4 52. Bxc5 $11 {[%mdl 4096] Endgame KB-KB} Bd3 53. a4 Bxe4 54. a5 Bb7 55. Be7 h6 $1 56. Kf2 Kf7 57. Bc5 Kf6 58. Bb6 (58. Kg3 $1 $14) 58... Ke7 59. Bc7 Kf6 {The position is equal.} 60. Bd8+ Kf7 61. Ke2 Ba6+ 62. Kd2 Bf1 63. h4 gxh4 64. Bxh4 Bh3 65. a6 {a7 is the strong threat.} (65. Kd3 $5 {[%cal Rd3e4]} Bxg4 66. Ke4 $11) 65... Bxg4 66. a7 Bf3 67. Kc2 Bd5 68. Kb2 Kg7 69. Ka3 Kf7 70. Kb4 Ba8 71. Kc4 Bf3 72. Kd3 {Precision: White = 58%, Black = 51%.} 1/2-1/2